Loading...
Current Events | 2 | 20.00 | 100% | 100% | 0% |
Fine Arts - Classical Music | 9 | 21.11 | 100% | 56% | 56% |
Fine Arts - Other Fine Arts | 10 | 14.00 | 90% | 40% | 10% |
Geography | 4 | 22.50 | 100% | 75% | 50% |
History - American History | 5 | 16.00 | 100% | 20% | 40% |
History - European History | 10 | 18.00 | 100% | 60% | 20% |
History - Other History | 9 | 17.78 | 78% | 56% | 44% |
History - World History | 5 | 26.00 | 100% | 80% | 80% |
Literature - American Literature | 2 | 15.00 | 100% | 50% | 0% |
Literature - British Literature | 4 | 15.00 | 100% | 50% | 0% |
Literature - European Literature | 3 | 16.67 | 100% | 67% | 0% |
Literature - World Literature | 5 | 16.00 | 100% | 40% | 20% |
Mythology | 8 | 21.25 | 88% | 75% | 50% |
Painting/Sculpture | 2 | 15.00 | 100% | 50% | 0% |
Philosophy | 6 | 20.00 | 100% | 67% | 33% |
Pop Culture | 4 | 15.00 | 75% | 50% | 25% |
Religion | 5 | 18.00 | 100% | 80% | 0% |
Science - Biology | 5 | 14.00 | 100% | 20% | 20% |
Science - Chemistry | 8 | 18.75 | 88% | 63% | 38% |
Science - Other Science | 8 | 16.25 | 100% | 25% | 38% |
Science - Physics | 5 | 22.00 | 100% | 60% | 60% |
Social Science | 5 | 16.00 | 100% | 60% | 0% |